Tuyển chọn các bài thực hành tin học ứng dụng Chuyên mục Internet ( 84 tác vụ giúp học và thực hành nhanh )

Salvato in:
Dettagli Bibliografici
Autore principale: Nguyễn Ngọc Tuấn
Natura: Libro
Lingua:Undetermined
Pubblicazione: Hà Nội Thống kê 1998
Soggetti:
Tags: Aggiungi Tag
Nessun Tag, puoi essere il primo ad aggiungerne! !
Thư viện lưu trữ: Trung tâm Học liệu Trường Đại học Cần Thơ
LEADER 00720nam a2200205Ia 4500
001 CTU_27100
008 210402s9999 xx 000 0 und d
020 |b 18.500đ 
082 |a 004.6 
082 |b Ph561 
100 |a Nguyễn Ngọc Tuấn 
245 0 |a Tuyển chọn các bài thực hành tin học ứng dụng 
245 0 |b Chuyên mục Internet ( 84 tác vụ giúp học và thực hành nhanh ) 
245 0 |c Nguyễn Ngọc Tuấn, Hoàng Phương, Lê Bá Nguyên 
260 |a Hà Nội 
260 |b Thống kê 
260 |c 1998 
650 |a internet 
904 |i Nguyễn Quang Điền, 981109 
980 |a Trung tâm Học liệu Trường Đại học Cần Thơ